000 00734nam a2200253 i 4500
001 C2-0313028
003 PPAK
005 20180728104638.0
008 111031s2011 my a|||| ||||| | may d
020 _a9789673691081
040 _aPPAK
_beng
_cPPAK
_erda
082 0 4 _a332.63
_223
090 0 0 _a332.63
_bMOH
_dG
100 0 _aMohamad Saat Sukami,
_eauthor
245 1 0 _aPelaburan emas
264 1 _aBatu Caves, Selangor :
_bPTS Professional Publishing ,
_c2011
300 _axii, 164 pages :
_bcolour illustrations ;
_c22 cm
336 _2rdacontent
_atext
337 _2rdamedia
_aunmediated
338 _2rdacarrier
_avolume
650 1 0 _aGold. ; Gems as an investment.
700 0 _aM.K Riza,
_eeditor
942 _ddc
_cB
999 _c114787
_d114787